000 00524nam a2200205Ia 4500
005 20250425161759.0
008 250425s9999 xx 000 0 und d
020 _a8449403669
041 _aspa
082 _a651.371
110 _aOCEANO GRUPO EDITORIAL
245 0 _aENCICLOPEDIA DE LA SECRETARIA: VOL. 3 REDACCIÓN, GRAMÁTICA Y DICCIONARIO
250 _a1A ED.
260 _aBARCELONA
260 _aEspaña
_bOCEANO
_c1997
300 _a228
650 _aREDACCION COMERCIAL
942 _c01
010 _a28703
999 _c215970
_d215970